000 00509nam a2200145 4500
999 _c15863
_d15863
008 201217b ||||| |||| 00| 0 eng d
022 _a0732-8435
082 _aDPer 657.05 C33 Sept - Mar 2015, v. 85 - 86
100 _aWeinstock, Ian.
_942692
245 _aTax issues with revocable trusts at the grantor's death/
_b
_cIan Weinstock.
260 _aNew York:
_bThe New York State Society of CPA,
_c©2015.
300 _av85 n9, pages 56-57;
_b
_c28 cm.
650 _aTax
_xPlanning.
_942693
942 _2ddc
_cPER